Wertvollste Fußballer 2026 - Statistiken

Allgemein
  • Dieses Quiz wurde 146 mal gespielt
  • Das Durchschnittsergebnis liegt bei 13 aus 30
Antwortstatistiken
Marktwert Antwort % Korrekt
200 Mio Mbappe
96%
200 Mio Haaland
91%
200 Mio Yamal
87%
130 Mio Musiala
85%
150 Mio Vini Jr.
85%
110 Mio Wirtz
83%
160 Mio Bellingham
76%
130 Mio Olise
68%
100 Mio Dembele
66%
140 Mio Pedri
65%
130 Mio Saka
47%
90 Mio Doue
46%
110 Mio Vitinha
42%
120 Mio Valverde
38%
120 Mio Rice
35%
120 Mio Isak
34%
120 Mio Palmer
32%
85 Mio Ekitike
28%
110 Mio Neves
24%
90 Mio Guler
22%
90 Mio Saliba
22%
85 Mio Lautaro Martinez
21%
100 Mio Alvarez
18%
110 Mio Caicedo
17%
85 Mio Enzo Fernandez
17%
90 Mio Kvaratskhelia
17%
85 Mio Szoboszlai
13%
90 Mio Gravenberch
8%
85 Mio Mac Allister
8%
80 Mio Estevao
3%
Keine übereinstimmenden Quizze gefunden
Verteilung der Resultate
Anzahl Personen mit jedem Resultat
Perzentil nach korrekt beantworteten Fragen
Ihre Resultats-Entwicklung
Sie haben dieses Quiz noch nicht gespielt